LEADER 01127nam a2200277 u 4500 001 000000064233 003 CaOOAMICUS 005 20070226121332.0 008 011115s1925 it u000 u ita u 035 $a10910017 040 $aPUL(R)$bita 100 1 $aFichte, Johann Gottlieb,$d1762-1814.$0(OLS)http://pul/name/16807 245 10$aDottrina della scienza /$cGiovanni Amedeo Fichte ; tradotta da Adriano Tilgher. 250 $a2. ed. riveduta. 260 $aBari :$bLaterza,$c1925. 300 $axv, 283 p. ;$c22 cm 490 1 $aClassici della filosofia moderna ;$v12 650 4$aScienza.$0(OLS)http://pul/subject/3439 650 4$aDottrina cristiana.$0(OLS)http://pul/subject/2024 700 1 $aTilgher, Adriano,$d1887-1941.$0(OLS)http://pul/name/4779 830 0$aClassici della filosofia moderna ;$v12.$0(OLS)http://pul/title/8124 850 $aPUL 852 $aPUL$W1$xDP2 Filosofia 1$y62$m85 D 10$j83301$nBK-PRI$b $qStampati$B83301$CPULBib$Z2$F83301 $81 941 1 $a8 996 $6245$aDottrina della scienza$9(OLS)http://pul/title/85602 996 $6260$aBari :$bLaterza$9(OLS)http://pul/publisher/47895 LEADER 01079nam a2200277 u 4500 001 000000033118 003 CaOOAMICUS 005 20070226112328.0 008 971028s1975 fr u000 u fre u 035 $a10774599 040 $aPUL$bita 041 1 $afre$heng 100 1 $aSanders, James A.$0(OLS)http://pul/name/25923 240 10$aTorah and Canon.$lFrancese.$0(OLS)http://pul/title/45612 245 10$aIdentité de la Bible :$bTorah & Canon /$cJames A. Sanders ; traduit de l'américain par P. Mailhé. 260 $aParis :$bCerf,$c1975. 300 $a176 p. ;$c22 cm 490 1 $aLectio divina ;$v87 700 1 $aMailhé, P.$0(OLS)http://pul/name/25924 830 0$aLectio divina ;$v87.$0(OLS)http://pul/title/3461 850 $aPUL 852 $aPUL$W1$xSL Religione 1$y3$m9 I 87$j45515$nBK-PRI$b $qStampati$B45515$CPULBib$Z2$F45515 $H $81 941 1 $a8 961 $aINV: 42097 996 $6245$aIdentité de la Bible :$bTorah & Canon$9(OLS)http://pul/title/45613 996 $6260$aParis :$bCerf$9(OLS)http://pul/publisher/48238